Quick Pick: 'B' World Landmarks Quiz Stats

 Plays Quiz Updated Aug 7, 2016

Challenge
Share
Tweet
Embed
Score 0/12 Timer 01:00
0 Plays Today
% Correct
United Kingdom
97.1%
United States
97%
Germany
91.5%
Ireland
90.5%
Russia
79.2%
United Arab Emirates
78.6%
Turkey
71.9%
Romania
53.7%
Iceland
52.7%
Indonesia
52.5%
Hungary
49.2%
Portugal
44.1%

Today's Daily Dose

You're not logged in!

Compare scores with friends on all Sporcle quizzes.
OR
Log In

You Might Also Like...

Show Comments

Extras

Top Quizzes Today


Score Distribution

Your Account Isn't Verified!

In order to create a playlist on Sporcle, you need to verify the email address you used during registration. Go to your Sporcle Settings to finish the process.

Report this User

Report this user for behavior that violates our Community Guidelines.

Details: